Bravo Hits #1 - Statistiken

Allgemein
  • Dieses Quiz wurde 34 mal gespielt
  • Das Durchschnittsergebnis liegt bei 3 aus 16
Antwortstatistiken
# Lied Interpret % Korrekt
2 Das Boot (Techno Version) U 96
62%
16 I Wanna Be a Kennedy (US Mix) Various Items
62%
8 Hurz!!! Hape Kerkeling
59%
5 Don't Talk Just Kiss Right Said Fred
48%
9 To Be with You Mr. Big
38%
12 I'm Walking Fats Domino
17%
6 World in My Eyes Depeche Mode
10%
13 Church of Your Heart Roxette
10%
11 You Ten Sharp
10%
4 Obsession Army of Lovers
3%
10 Close Encounters Clouseau
3%
3 I Need Money Marky Mark & the Funky Bunch
0%
7 If You Go Away New Kids on the Block
0%
14 It's a Fine Day Opus III
0%
15 Show Me the Way Osmond Boys
0%
1 America The KLF
0%
Keine übereinstimmenden Quizze gefunden
Verteilung der Resultate
Anzahl Personen mit jedem Resultat
Perzentil nach korrekt beantworteten Fragen
Ihre Resultats-Entwicklung
Sie haben dieses Quiz noch nicht gespielt